[Event "Cheliabinsk Panchenko Memorial op-B"]
[Site "Cheliabinsk"]
[Date "2021.09.15"]
[Round "3"]
[White "Strutinskaya, Galina N"]
[Black "Mesheryakova, Anfisa"]
[Result "1-0"]
[WhiteElo "2110"]
[BlackElo "1323"]
[PlyCount "170"]
[EventDate "2021.09.13"]
[EventType "swiss"]
[EventRounds "10"]
[EventCountry "RUS"]
[SourceTitle "CBM 204 Extra"]
[Source "ChessBase"]
[SourceDate "2021.11.30"]
[SourceVersion "1"]
[SourceVersionDate "2021.11.30"]
[SourceQuality "1"]

1. c4 Nf6 2. Nf3 g6 3. Nc3 Bg7 4. e4 d6 5. d4 Nbd7 6. h3 e5 7. Be3 a5 8. d5 b6 9. Be2 Nc5 10. Nd2 h5 11. Qc2 Nfd7 12. g3 Bf6 13. h4 Ba6 14. b3 Qe7 15. a3 Bb7 16. Rb1 Bg7 17. Nb5 Rc8 18. b4 axb4 19. axb4 Na6 20. Na7 Ra8 21. Nc6 Bxc6 22. dxc6 Nf6 23. Bg5 Qe6 24. 0-0 0-0 25. Rfc1 Nh7 26. Be3 Kh8 27. Bd3 f5 28. f4 fxe4 29. Nxe4 exf4 30. gxf4 Qg4+ 31. Qg2 Qxh4 32. Nf2 Rg8 33. Bxg6 Bh6 34. Bd4+ Nf6 35. Kf1 Qxf4 36. Qe4 Qg5 37. Bxh5 Raf8 38. Qh1 Kh7 39. Be2 Nxb4 40. Rc3 Nxc6 41. Be3 Ne4 42. Qxe4+ Qg6 43. Bd3 Ne5 44. Qxg6+ Nxg6 45. Ke2 Bxe3 46. Kxe3 Kg7 47. Be4 Ne5 48. Bd5 Rh8 49. Rg1+ Kf6 50. Ne4+ Ke7 51. Rg7+ Kd8 52. Ng5 Ng4+ 53. Kd3 Ne5+ 54. Kc2 Rf2+ 55. Kb3 Rhh2 56. Ka4 Ra2+ 57. Ra3 Rxa3+ 58. Kxa3 c6 59. Be6 b5 60. cxb5 cxb5 61. Bd5 Rd2 62. Ne6+ Ke8 63. Rb7 Rd3+ 64. Ka2 Rd2+ 65. Kb3 Rd3+ 66. Kc2 Rg3 67. Ng7+ Kd8 68. Ne6+ Ke8 69. Kd2 Nc4+ 70. Ke2 Ne5 71. Nd4 Ra3 72. Nxb5 Rd3 73. Be4 Rh3 74. Nxd6+ Kf8 75. Nf5 Rh2+ 76. Ke3 Rh3+ 77. Kf4 Nd3+ 78. Kg4 Nc5 79. Rb8+ Kf7 80. Kxh3 Nxe4 81. Kg4 Nf6+ 82. Kf4 Nd5+ 83. Ke5 Nc3 84. Rb7+ Kg6 85. Rb6+ Kh5 1-0